UK Towns And Cities With First Three Letters - Statistics

General Stats
  • This quiz has been taken 153 times
    49 since last reset
  • The average score is 18 of 21
Answer Stats
Hint Answer % Correct
Man Manchester
100%
Lee Leeds
98%
Liv Liverpool
98%
Nor Norwich
98%
Oxf Oxford
98%
Bir Birmingham
95%
She Sheffield
95%
Gla Glasgow
93%
Lei Leicester
93%
Dur Durham
90%
Swa Swansea
90%
Inv Inverness
88%
Ips Ipswich
88%
Lin Lincoln
88%
Sou Southampton
86%
Dun Dundee
81%
Sca Scarborough
79%
Lic Lichfield
64%
Arm Armagh
60%
Rhy Rhyl
52%
Pen Penzance
40%
No matching quizzes found
Score Distribution
Percent of People with Each Score
Percentile by Number Answered
Your Score History
You have not taken this quiz since the last reset